Statistiques concernant Ballon d'or 2022 - Classement

Cliquez ici pour prendre le quiz!

Statistiques générales

  • Ce quiz a été pris 1 348 fois
    (1 097 depuis la dernière actualisation)
  • Le résultat moyen est 27 sur 30

Statistiques - réponses

RangPostePaysClub(s)Joueur% Correct
#1ATTFranceReal MadridKarim Benzema
100%
#3MILBelgiqueManchester CityKevin De Bruyne
99%
#6ATTFrancePSGKylian Mbappé
99%
#2ATTSénégalLiverpool / BayernSadio Mané
99%
#10ATTNorvègeBorussia Dortmund / Manchester CityErling Haaland
98%
#11ATTCorée du SudTottenhamHeung-min Son
98%
#9MILCroatieReal MadridLuka Modric
98%
#5ATTEgypteLiverpoolMohamed Salah
98%
#4ATTPologneBayern / FC BarceloneRobert Lewandowski
98%
#7GBelgiqueReal MadridThibaut Courtois
98%
#12ATTAlgérieManchester CityRiyad Mahrez
97%
#8ATTBrésilReal MadridVinicius Junior
96%
#21ATTAngleterreTottenhamHarry Kane
95%
#14ATTPortugalAC MilanRafael Leao
94%
#16DEFPays-BasLiverpoolVirgil van Dijk
94%
#17MILBrésilReal Madrid / Manchester UnitedCasemiro
92%
-GFranceAC MilanMike Maignan
92%
#22MILPortugalManchester CityBernardo Silva
91%
-ATTFranceRB LeipzigChristopher Nkunku
90%
#20ATTPortugalJuventus / Manchester UnitedCristiano Ronaldo
90%
-DEFAllemagneChelsea / Real MadridAntonio Rüdiger
89%
#25ATTUruguayBenfica / LiverpoolDarwin Nunez
87%
#13ATTCôte d'IvoireAjax / Borussia DortmundSebastian Haller
85%
-ATTSerbieFiorentina / JuventusDusan Vlahovic
84%
-MILAllemagneBayernJoshua Kimmich
84%
-ATTColombieFC Porto / LiverpoolLuis Diaz
82%
-MILBrésilLiverpoolFabinho
81%
-DEFAngleterreLiverpoolTrent Alexander-Arnold
81%
-DEFPortugalManchester CityJoao Cancelo
77%
-MILAngleterreManchester CityPhil Foden
75%

Distribution des résultats

Percentile par nombre de réponses

% des personnes avec chaque résultat

Votre développement - résultats

Vous n’avez pas pris ce quiz depuis la dernière actualisation